<?xml version="1.0" encoding="UTF-8"?>
<record
    xmlns:xsi="http://www.w3.org/2001/XMLSchema-instance"
    xsi:schemaLocation="http://www.loc.gov/MARC21/slim http://www.loc.gov/standards/marcxml/schema/MARC21slim.xsd"
    xmlns="http://www.loc.gov/MARC21/slim">

  <leader>00319    a2200121   4500</leader>
  <datafield tag="082" ind1=" " ind2=" ">
    <subfield code="a">811.728.2</subfield>
    <subfield code="b">C454w</subfield>
  </datafield>
  <datafield tag="100" ind1=" " ind2=" ">
    <subfield code="a">Chan, Amado</subfield>
    <subfield code="9">454</subfield>
  </datafield>
  <datafield tag="245" ind1=" " ind2=" ">
    <subfield code="a">Waiting for my turn</subfield>
  </datafield>
  <datafield tag="260" ind1=" " ind2=" ">
    <subfield code="a">Belice</subfield>
    <subfield code="b">Fsctory Books</subfield>
    <subfield code="c">2002</subfield>
  </datafield>
  <datafield tag="300" ind1=" " ind2=" ">
    <subfield code="a">48 p.</subfield>
    <subfield code="b">il (a color)</subfield>
    <subfield code="c">21 cm</subfield>
  </datafield>
  <datafield tag="650" ind1=" " ind2=" ">
    <subfield code="a">Literatura</subfield>
    <subfield code="v">Poesa&#x315;</subfield>
    <subfield code="z">Belice</subfield>
    <subfield code="9">561</subfield>
  </datafield>
  <datafield tag="700" ind1=" " ind2=" ">
    <subfield code="a">Amado Chan</subfield>
    <subfield code="9">455</subfield>
  </datafield>
  <datafield tag="999" ind1=" " ind2=" ">
    <subfield code="c">90</subfield>
    <subfield code="d">90</subfield>
  </datafield>
  <datafield tag="952" ind1=" " ind2=" ">
    <subfield code="0">0</subfield>
    <subfield code="1">0</subfield>
    <subfield code="2">ddc</subfield>
    <subfield code="4">0</subfield>
    <subfield code="7">0</subfield>
    <subfield code="a">LV</subfield>
    <subfield code="b">LV</subfield>
    <subfield code="c">Pensamiento</subfield>
    <subfield code="d">2014-05-02</subfield>
    <subfield code="l">0</subfield>
    <subfield code="o">811.728.2 C454w</subfield>
    <subfield code="p">000084</subfield>
    <subfield code="r">2014-05-02 00:00:00</subfield>
    <subfield code="w">2014-05-02</subfield>
    <subfield code="y">01</subfield>
  </datafield>
</record>
